| 000 | 00463nam a2200169 a 4500 | ||
|---|---|---|---|
| 001 | 15888 | ||
| 005 | 20180713204654.0 | ||
| 008 | 140415s1959 000 0 spa d | ||
| 041 | _aspa | ||
| 082 |
_a371.6 _bSTR |
||
| 100 | 1 | _aSTREVELL, WALLACE H, | |
| 245 | 1 | 0 | _aADMINISTRACION OF THE SCHOOL BUILDING PROGRAM |
| 260 |
_a[s.l.] : _bMCGRAW-HILL, _c1959 |
||
| 300 | _a443 | ||
| 650 | 1 | 4 |
_aESCUELAS _xEDIFICIOS |
| 700 | 1 |
_aBURKE, ARVID J. _ecoaut. |
|
| 999 |
_c15888 _d15888 |
||